Statistics for Driving Theory - Show me Tell me

Click here to take the quiz!

General Stats

  • This quiz has been taken 37 times
  • The average score is 3 of 31

Answer Stats

QuestionAnswer% Correct
How would you check the brakes are working before a journey?Should not feel spongy or slack
41%
How would you check the brake lights are working?Operate brake pedal
38%
How would you check the engine oil level?Identify dipstick
25%
How would you switch the headlights from dipped to main beam?Using the switch
25%
How would you switch on the rear fog lights?Using the switch
25%
1.6mm of tread depth
22%
Reverse up to a reflective surface
13%
How would you check the indicators are working?Turn on hazard lights
13%
How would you check the tyre pressure?Use a reliable pressure gauge
13%
Where would you find the information for the recommended car tyre pressures?Manufacturer's guide
9%
Vehicle should not pull to one side
9%
Walk around the car
9%
Walk around the car
9%
Check when the tyres are cold
6%
How would you check the power-assisted steering is working?Gentle pressure on the steering wheel
6%
How would you check the tyres?No cut or bulges
6%
Slight movement as engine is started
6%
When engine is cold
6%
When engine is cold
6%
Check spare tyre
3%
Check against minimum/maximum markers
0%
Check level against high/low markings
0%
Check warning light is on
0%
Check warning light is on
0%
How would you check the engine coolant level?Identify high/low level markings on header tank
0%
How would you check that you have a safe level of hydraulic fluid?Identify reservoir
0%
Remember to refit valve caps
0%
How would you make sure your head restraint was correctly adjusted?Rigid part is at least as high as the eye
0%
Top up
0%
How would you check the head lights and tail lights are working?Turn on lights by rotating switch
0%
Turn wheel right after moving off
0%

Score Distribution

Percentile by Number Answered

Percent of People with Each Score

Your Score History

You have not taken this quiz